Yılın basın fotoğrafları 2012 (Record no. 3081)
[ view plain ]
| 000 -BAŞLIK | |
|---|---|
| Sabit Uzunlukta Kontrol Alanı | 00816na a2200241 4500 |
| 001 - KONTROL NUMARASI | |
| Denetim Alanı | 18324 |
| 003 - KONTROL NUMARASI IDENTIFIER | |
| Denetim Alanı | MIRAKIL |
| 005 - SON İŞLEM TARİHİ VE ZAMANI | |
| Denetim Alanı | 20181213154919.0 |
| 008 - SABİT-BOY VERİ ELEMANLARI - GENEL BİLGİLER | |
| Sabit Uzunlukta Kontrol Alanı | 161116b tu 000 0 |
| 040 ## - KATALOGLAMA KAYNAK | |
| Orijinal Kataloglama Ajansı | Milas |
| Kataloglama Dili | tur |
| Metne Dönüştürmek Ajansı | TR-AnCHP |
| 041 ## - DİL KODU | |
| Metin / Ses Parça Veya Ayrı Başlığın Dil Kodu | tur |
| -- | eng |
| 082 ## - DEWEY ONLU SINIFLANDIRMA NUMARASI | |
| Sınıflandırma Numarası | 070.4909561 |
| Ürün Numarası | Y44 2012 |
| 090 ## - SINIFLAMA NUMARASI | |
| Sınıflama Numarası | 070.4909561 Y44 2012 |
| 245 ## - BAŞLIK TABLOSU | |
| Başlık | Yılın basın fotoğrafları 2012 |
| Başlığın Kalan | = Press photos of the year 2012 |
| Sorumluluk Tablosu, Vb | Türkiye Foto Muhabirleri Derneği |
| 246 ## - UNVAN FORM VARYING | |
| Başlık Doğru / Kısa Başlığı | Press photos of the year '12 |
| 260 ## - YAYIN, DAĞITIM, VB | |
| Yayın, Dağıtım, Vb Yeri | Ankara |
| Yayıncı, Dağıtıcı, Vs Adı | Türkiye Foto Muhabirleri Derneği |
| Yayın, Dağıtım, Vb Tarihi | 2012 |
| 300 ## - FİZİKSEL TANIM | |
| Kapsam | 183 s. |
| Diğer Fiziksel Ayrıntıları | fotğ. |
| Boyutlar | 30 sm. |
| 546 ## - DİL NOTU | |
| Dil Notu | Metin Türkçe-İngilizce karşılıklıdır. |
| 650 ## - KONU KATMA GİRİŞ - TOPİKAL DÖNEM | |
| Topikal Süreli Veya Coğrafi Ad Giriş Elemanı | Basın fotoğrafçılığı |
| Coğrafi Alt Bölümü | Türkiye |
| 710 ## - KATMA GİRİŞ - KURUMSAL ADI | |
| Giriş Elemanı Olarak Kurumsal Ad Veya Yargı Alanı Adı | Türkiye Foto Muhabirleri Derneği |
| 740 ## - KATMA GİRİŞ - KONTROLSUZ İLGİLİ / ANALİTİK BAŞLIK | |
| Kontrol Edilmeyen / İlgili Analitik Başlıktaki | Press photos of the year '12 |
| 942 ## - EKLENDİ GİRİŞ ELEMANLARI (KOHA) | |
| Sınıflandırma Veya Raf Düzeni Kaynak | |
| Koha Öğesi Türü | Books |
| 999 ## - SİSTEM KONTROL NUMARALARI (KOHA) | |
| Koha Biblionumber | 3081 |
| Koha Biblioitemnumber | 3081 |
| Kalıcı Konum | Mevcut Konum | Edinme Tarihi | Edinim Kaynak | Toplam Check-Out'Lar | Tam Çağrı Numarası | Barkod | Tarih Son Görülme | İtibaren Geçerli Fiyatlar | Koha Öğesi Türü | Kopya Sayısı |
|---|---|---|---|---|---|---|---|---|---|---|
| CHP Kütüphanesi | CHP Kütüphanesi | 11/16/2016 | Bağış | 070.4909561 Y44 2012 | 008703 | 11/16/2016 | 11/16/2016 | Books | ||
| CHP Kütüphanesi | CHP Kütüphanesi | 01/12/2017 | Bağış | 070.4909561 Y44 2012 | 010959 | 01/12/2017 | 01/12/2017 | Books | k.2 |
